00592nam a22001217a 4500040001500000082001400015100001600029245007400045260003700119300001800156505028200174650001400456 cMCS (NUST) a005.8,SAN aSana, Aasia aDevelopment of Cybersecurity Learning Platform for SMBs /cAasia Sana aRawalpindibMCS (NUST)cAug 2016 axiii, 171 P., aintroduction (Page-1), Literature Review and Existing Technologies (Page-11), Research Methodology (Page-22), Critical Asset: Database Server (Page-40), Critical Asset: Web Server (Page-71), Critical Asset: DNS & Email Server (PAge-108), Conclusion and Future Works (Page-147). 2PG Thesis